| 000 | 01456nam a2200253Ia 4500 | ||
|---|---|---|---|
| 999 |
_c51764 _d51764 |
||
| 001 | 18756 | ||
| 003 | GE_BSU | ||
| 005 | 20210412162144.0 | ||
| 008 | 181216s2016||||ge |||||||||||||| ||geo|| | ||
| 040 | _cGE_BSU | ||
| 041 | _ageo | ||
| 080 | _a61 მ-62 | ||
| 100 |
_aმეცხვარიშვილი, გელა _911227 |
||
| 245 |
_aბაქტერიოფაგოთერაპიის პედიატრიული ასპექტები ასპექტები / _cგელა მეცხვარიშვილი; მეცნ. ხელმძღვანელი ყ. ფაღავა, ი. კორინთელი. |
||
| 264 |
_aთბილისი : _bთბილისის სახელმწ. სამედიცინო უნ-ტის გამ-ბა, _c2016. |
||
| 300 |
_a107 გვ. ; _b30 სმ. |
||
| 653 | _aბაქტერიოფაგოთერაპიის პედიატრიული ასპექტები ასპექტები | ||
| 653 | _aდისერტაცია | ||
| 653 | _aმედიცინა | ||
| 700 |
_aფაღავა, ყ. _eმეცნ. ხელმძღვანელი _911228 |
||
| 700 |
_aკორინთელი, ი. _eმეცნ. ხელმძღვანელი _911229 |
||
| 710 |
_aთბილისის სახ-ლო სამედიცინო უნ-ტი _910087 |
||
| 942 |
_cBK _2udc |
||